| 000 | 01619cam a2200241 4500500 | ||
|---|---|---|---|
| 005 | 20251228050229.0 | ||
| 041 | _afre | ||
| 042 | _adc | ||
| 100 | 1 | 0 |
_aKeck, Frédéric _eauthor |
| 245 | 0 | 0 | _aDissolution du sujet et catastrophe écologique chez Lévi-Strauss |
| 260 | _c2013. | ||
| 500 | _a74 | ||
| 520 | _aCet article présente une lecture des principaux textes de Claude Lévi-Strauss, de Tristes tropiques aux Mythologiques, en passant par La pensée sauvage. Il part du thème de la dissolution du sujet pour le relier à l’horizon de la catastrophe écologique qui en oriente le développement. La subjectivité est pensée à partir des restes de l’analyse structurale comme un témoignage de sociétés en voie de recomposition. | ||
| 520 | _aThe Dissolution of the Subject and Ecological Catastrophe in Lévi-Strauss’s WorkThis article presents a reading of the major texts of Claude Lévi-Strauss, from Tristes Tropiques to Mythologics through The savage mind, linking the theme of the dissolution of the subject with the horizon of an ecological catastrophe that orients its development. Subjectivity is described with the remains of structural analysis as a testimony of societies in a process of recomposition. | ||
| 690 | _aanalyse structurale | ||
| 690 | _apensée sauvage | ||
| 690 | _asujet | ||
| 690 | _asavage mind | ||
| 690 | _astructural analysis | ||
| 690 | _asubject | ||
| 786 | 0 | _nArchives de philosophie | 76 | 3 | 2013-07-25 | p. 375-392 | 0003-9632 | |
| 856 | 4 | 1 | _uhttps://shs.cairn.info/revue-archives-de-philosophie-2013-3-page-375?lang=fr&redirect-ssocas=7080 |
| 999 |
_c1580217 _d1580217 |
||